00826nam a2200205 a 450000100100000000500170001000800410002702000150006804000250008308200140010810000280012224501140015026000980026430000290036250400300039170000370042170000330045895201120049199900170060300003727220200930080245.0120321s1982 sp f 000 0 spa d a8400051742 aDO-SdBNPbspacBNPHU axxxbxxxx1 aGuitian Ojea, F.96369810aSuelos naturales de la provincia de Lugo. /cF. Guitian Ojea, T. Carballas Fernández, M. Muñoz Taboadela. aSantiago de Compostela, España :bConsejo Superior de Investigaciones Científicas,c1982. a151 p. :blam. ;c24 cm. aBibliografía p: 144-1511 aCarballas Fernández, T.9636991 aMuñoz Taboadela, M.963700 001050718MOaGRbGRcCTd2012-03-21iLF1l0oxxx xxxxp37272-10r2020-06-25w2020-06-25y1ZNo se presta c36762d36762